| 000 | 00704nam a2200157 4500 | ||
|---|---|---|---|
| 999 |
_c16454 _d16454 |
||
| 008 | 220207b ||||| |||| 00| 0 eng d | ||
| 022 | _a0893-8989 | ||
| 082 | _aDPer 363.205 P75 Sept 2013-May 2016 v. 37 & 40, n. 9-11/1-5 | ||
| 100 |
_aRayburn, Michael T. _943871 |
||
| 245 |
_aShooting from the hip: _bmany potentially deadly attacks on law enforcement officers happen so fast and at such close range that you won't have time to aim/ _cMichael T. Rayburn. |
||
| 260 |
_aCalifornia: _bBobit Business Media, _c©Sept 2013-May 2016. |
||
| 300 |
_av40 n3, pages 44-47; _billustrations: _c27 cm. |
||
| 500 | _aPolice: the law enforcement. | ||
| 650 |
_aLaw enforcement _xOperation. _943834 |
||
| 942 |
_2ddc _cPER |
||